From Banking to the Thorny World of Politics (Record no. 33756)

MARC details
000 -LEADER
fixed length control field 00460nam a22001817a 4500
005 - DATE AND TIME OF LATEST TRANSACTION
control field 20231011154027.0
008 - FIXED-LENGTH DATA ELEMENTS--GENERAL INFORMATION
fixed length control field 231003b |||||||| |||| 00| 0 eng d
020 ## - INTERNATIONAL STANDARD BOOK NUMBER
ISBN 9780704373990
082 ## - DEWEY DECIMAL CLASSIFICATION NUMBER
Classification number 954.910
Item number SHA
100 ## - MAIN ENTRY--AUTHOR
Author Name Shaukat Aziz
245 ## - TITLE STATEMENT
Title From Banking to the Thorny World of Politics
260 ## - PUBLICATION, DISTRIBUTION, ETC.
Place of Publication UK
Name of publisher, distributor, etc. Quartet Books
Date of publication, distribution, etc. 2016
300 ## - PHYSICAL DESCRIPTION
Pages 325
500 ## - GENERAL NOTE
General note Include Index
650 ## - SUBJECT ADDED ENTRY--TOPICAL TERM
Subject / Department Literature
700 ## - ADDED ENTRY--PERSONAL NAME
Personal name Shaukat Aziz
942 ## - ADDED ENTRY ELEMENTS (KOHA)
-- Book
-- BOOK
952 ## - LOCATION AND ITEM INFORMATION (KOHA)
-- 0
-- 0
Holdings
Lost status Damaged status Collection code Permanent Location Current Location Shelving Location Date acquired Full Call Number Accession No./Barcode Date last seen item type
    Literature/Urdu/eng/Islamic Superior Information Resource Center (SIRC) Superior University- Main Campus Superior Information Resource Center (SIRC) Superior University- Main Campus Literature 10/03/2023 954.910 SHA-F 2016 20635 11/06/2025 BOOK

Powered by Koha